000 01621nam a2200277 a 4500
999 _c689
_d689
003 AR-BaISA
005 20230728173917.0
007 ta
008 191120s2019 ag ad||| |||| 001 0 spa d
020 _a9789500696142
040 _cAR-BaISA
082 0 4 _222
_a618.928 R619
245 0 0 _aEl niño con trastornos del neurodesarrollo
260 _aBuenos Aires:
_bMédica Panamericana,
_c2019
300 _aX, 190 p.:
_bil., graf.
490 1 _aSeries de pediatría Garrahan
_v; 7
504 _aBibliografía al final de cada capítulo
504 _aÍndice analítico p: [183]-190
505 _tPablo Cafiero y Estela Rodríguez / Neurodesarrollo: conceptos básicos --
_tSilvana Napoli, Alicia Maiocchi, Paula Perdernera Bradichansky, Verónica Bertotto y Karina Abraldes / Los primeros años --
_tNoelia Toja, Karina Abraldes y Celina Lejarraga / Etapa preescolar --
_tLaura Olivera, Verónica Bertotto, María del Pilar Álvarez, Alicia Maiocchi y Estela Rodríguez / Etapa escolar --
_tPablo Cafiero, María Magdalena Muscolino, Noelia Toja y María del Rosario Alsina / Discapacidad intelectual --
_tAdriana González, María Clemencia Ducros y Estela Rodríguez / La enfermedad crónica y sus implicancias en la trayectoria escolar --
_tLaura Olivera y María Magdalena Muscolino / Marco normativo de apoyo e inclusión educativa
650 1 4 _9782
_aPediatría
_vneurología
_xenfermedades asociadas
650 1 4 _91659
_aTrastorno del neurodesarrollo
700 1 _91660
_aRodríguez, Estela
_eaut.
700 _92964
_aCafiero, Pablo
_eaut.
830 0 _91282
_aSeries de pediatría Garrahan
_v7
942 _2ddc
_cLI